Gimnasio Maravillas (Record no. 169165)

MARC details
000 -LEADER
campo de control de longitud fija 00900nam a22002535i 4500
001 - NÚMERO DE CONTROL
campo de control 169165
003 - IDENTIFICADOR DE NÚMERO DE CONTROL
campo de control ES-MaACL
005 - FECHA Y HORA DE LA ÚLTIMA TRANSACCIÓN
campo de control 20260302063013.0
008 - DATOS DE LONGITUD FIJA--INFORMACIÓN GENERAL
campo de control de longitud fija 080820s2007 sp |||| | spa d
017 ## - NÚMERO DE COPYRIGHT O DE DEPÓSITO LEGAL
Número de copyright o de depósito legal M-19.454-2007
020 ## - NÚMERO INTERNACIONAL ESTÁNDAR DEL LIBRO
Número Internacional Estándar del Libro 978-84-611-6683-1
080 ## - NÚMERO DE LA CLASIFICACIÓN DECIMAL UNIVERSAL
Número de la Clasificación Decimal Universal 72 Sota, Alejandro de la
080 ## - NÚMERO DE LA CLASIFICACIÓN DECIMAL UNIVERSAL
Número de la Clasificación Decimal Universal 725.85(460.27 M.)
100 0# - ENTRADA PRINCIPAL--NOMBRE DE PERSONA
Nombre de persona Sota Aburto, Alejandro de la
9 (RLIN) 107454
245 10 - MENCIÓN DEL TÍTULO
Título Gimnasio Maravillas
Resto del título : Madrid, 1960 /
Mención de responsabilidad, etc. Alejandro de la Sota ; edición a cargo de Teresa Couceiro.
260 ## - PUBLICACIÓN, DISTRIBUCIÓN, ETC.
Lugar de publicación, distribución, etc. Madrid :
Nombre del editor, distribuidor, etc. Fundación Alejandro de la Sota,
Fecha de publicación, distribución, etc. 2007.
300 ## - DESCRIPCIÓN FÍSICA
Extensión 122 p. :
Otras características físicas principalmente il. col., planos ;
Dimensiones 22 x 22 cm.
500 ## - NOTA GENERAL
Nota general En el lomo: 2.
600 04 - PUNTO DE ACCESO ADICIONAL DE MATERIA--NOMBRE DE PERSONA
Nombre de persona Sota Aburto, Alejandro de la
9 (RLIN) 107454
610 14 - PUNTO DE ACCESO ADICIONAL DE MATERIA--NOMBRE DE ENTIDAD CORPORATIVA
Nombre de entidad corporativa o nombre de jurisdicción como elemento de entrada Gimnasio Maravillas.
9 (RLIN) 138234
700 1# - ENTRADA AGREGADA--NOMBRE PERSONAL
Nombre de persona Couceiro Durán, María Teresa.
9 (RLIN) 138235
852 4# - LOCALIZACIÓN
Ubicación ES-MaACL
Número de control de estantería L-29527
itemnumber R.142877
Holdings
Estatus retirado Estado de pérdida Estado de daño No para préstamo Biblioteca de origen Biblioteca actual Ubicación en estantería Fecha de adquisición Fuente de adquisición Total de préstamos Signatura topográfica completa Código de barras Visto por última vez Precio de reemplazo Tipo de ítem Koha
        Biblioteca del Ateneo de Madrid Biblioteca del Ateneo de Madrid Depósito 2 20/08/2008     L-29527 1177608 23/02/2023 23/02/2023 Libro impreso